000 00875nam a2200217Ia 4500
001 16702
003 GE_BSU
008 181216s||||||||xx |||||||||||||| ||und||
040 _cGE_BSU
080 _a930 + 94(3)
100 _aკაჟდანი, ა.
245 _aსაუკუნეთა კვალდაკვალ
245 _cთარგმნა ც. ხუბულავამ ; ილ.: ნ. ანტოკოლსკაია და ბ. ბელოვა. რედ. მ.გვარამია
260 _aთბილისი
260 _bნაკადული
260 _c1967
300 _a214გვ. : ილ. ; 20სმ.
653 _aისტორიოგრაფია; ძველი მსოფლიოს ისტორია;
653 _aსაუკუნეთა კვალდაკვალ
942 _cBK
999 _c49767
_d49767